La ladrona de libros /
Guardado en:
| Autor Principal: | |
|---|---|
| Otros Autores: | |
| Formato: | Libro |
| Publicado: |
Barcelona :
Lumen,
2021.
|
| Materias: | |
| Etiquetas: |
Agregar Etiqueta
Sin Etiquetas, Sea el primero en etiquetar este registro!
|
| LEADER | 00787nam a22002535a 4500 | ||
|---|---|---|---|
| 001 | CEM.cems014423 | ||
| 008 | 130507s2021##################000#0#####d | ||
| 005 | 20220426171928.0 | ||
| 003 | CEMS | ||
| 245 | 1 | 0 | |a La ladrona de libros / |c Markus Zusak ; traducción de Laura Martin de Dios |
| 260 | |a Barcelona : |b Lumen, |c 2021. | ||
| 300 | |a 539 p. | ||
| 500 | |a Título original: The book thief. | ||
| 590 | |a 1253.014 | ||
| 020 | |a 9788426416216 | ||
| 100 | 1 | |a Zusak, Markus | |
| 700 | 1 | |a Martin de Dios, Laura; trad. | |
| 653 | |a Literatura | ||
| 653 | |a Literatura australiana | ||
| 653 | |a Novelas | ||
| 653 | |a Novelas australianas | ||
| 653 | |a Biblioteca TC | ||
| 859 | |a CEMS |b BIB. CEMS - 11 de abril |h 829.3 |i Z89 |p 29294.22 |t Ej. 1 | ||
| 859 | |a CEMS |b BIB. CEMS - 11 de abril |h TC |p 1253.014 |t Ej.2 | ||
